|
|
|
|
| LEADER |
00000nlm0a2200000 4500 |
| 001 |
658345 |
| 005 |
20250122121600.0 |
| 035 |
|
|
|a (RuTPU)RU\TPU\network\26055
|
| 090 |
|
|
|a 658345
|
| 100 |
|
|
|a 20181005d2018 m y0rusy50 ca
|
| 101 |
0 |
|
|a rus
|
| 102 |
|
|
|a RU
|
| 135 |
|
|
|a jrcn ---uucaa
|
| 181 |
|
0 |
|a i
|b e
|
| 182 |
|
0 |
|a b
|
| 183 |
|
0 |
|a cr
|2 RDAcarrier
|
| 200 |
1 |
|
|a Бухгалтерское дело
|e лекционный видеокурс
|f Т. В. Арцер
|g Национальный исследовательский Томский политехнический университет, Школа инженерного предпринимательства
|
| 203 |
|
|
|a Текст
|a Звуки
|a Изображение
|a Устная речь
|c электронный
|b визуальный
|
| 210 |
|
|
|a Томск
|d 2018
|
| 225 |
1 |
|
|a Лекторий ТПУ
|
| 283 |
|
|
|a online_resource
|2 RDAcarrier
|
| 336 |
|
|
|a Интерактивный мультимедиа ресурс
|
| 371 |
1 |
|
|a AM_Login_TPU
|
| 606 |
1 |
|
|a Бухгалтерский учет
|2 stltpush
|3 (RuTPU)RU\TPU\subj\30744
|9 53805
|
| 610 |
1 |
|
|a электронный ресурс
|
| 610 |
1 |
|
|a труды учёных ТПУ
|
| 610 |
1 |
|
|a видеолекции
|
| 610 |
1 |
|
|a видеоуроки
|
| 610 |
1 |
|
|a организация работы
|
| 610 |
1 |
|
|a бухгалтерская деятельность
|
| 610 |
1 |
|
|a бухгалтерские службы
|
| 610 |
1 |
|
|a предприятия
|
| 675 |
|
|
|a 657.22(075.8)
|v 3
|
| 700 |
|
1 |
|a Арцер
|b Т. В.
|c экономист
|c доцент Томского политехнического университета, кандидат экономических наук
|f 1979-
|g Татьяна Владимировна
|3 (RuTPU)RU\TPU\pers\25418
|9 11360
|
| 712 |
0 |
2 |
|a Национальный исследовательский Томский политехнический университет
|b Школа инженерного предпринимательства
|c (2017- )
|3 (RuTPU)RU\TPU\col\23544
|
| 801 |
|
2 |
|a RU
|b 63413507
|c 20181219
|g RCR
|
| 830 |
|
|
|a ЦОР2024
|
| 856 |
4 |
|
|u https://edu.tpu.ru/course/info.php?id=163
|z https://edu.tpu.ru/course/info.php?id=163
|
| 942 |
|
|
|c CF
|